| 000 | 01022nam a22003377a 4500 | ||
|---|---|---|---|
| 003 | CHAP | ||
| 005 | 20220329134725.0 | ||
| 008 | 971013s1967 r 00010 d | ||
| 010 | _a24833 | ||
| 011 | _a25805 | ||
| 035 | _a29905 | ||
| 040 | _cCHAP | ||
| 082 |
_a507.2 _bB7 |
||
| 111 | 0 | 0 |
_aBrookhaven National Laboratory. _915562 |
| 245 | _aVistas in research, v.1- , 1967- | ||
| 260 |
_aNew York : _bGordon and Breach, _c1967- |
||
| 300 |
_av. _b: ilus. |
||
| 490 | _aLectures in science | ||
| 500 | _aLa biblioteca tiene : v.1 | ||
| 590 |
_aBATCH-UPD _b10 _c20130110 _lUCH01 _h1358 |
||
| 590 |
_aBATCH-UPD _b10 _c20130410 _lUCH01 _h0851 |
||
| 590 |
_aBATCH-UPD _b10 _c20130914 _lUCH01 _h0933 |
||
| 590 |
_aCONVERSION _b10 _c20130109 _lUCH01 _h1314 |
||
| 650 | 1 | 4 |
_aCiencia. _923107 |
| 650 | 1 | 4 |
_aEnergía atómica. _936891 |
| 650 | 1 | 4 |
_aInvestigación. _960221 |
| 830 | 0 |
_aLectures in science _965530 |
|
| 901 | _aBK | ||
| 942 | _cLIBRO | ||
| 949 |
_a507.2 B7 _bBC _cLIBRO _d33724000124855 _eLIBRO _fv.1 _h15346 _i29905 _si |
||
| 999 |
_c24833 _d24833 |
||